[Event "9th Sunway Sitges 2022"]
[Site "Sitges ESP"]
[Date "2022.12.20"]
[Round "8.69"]
[White "Voiteanu, Gabriel"]
[Black "Krasteva, Beloslava"]
[Result "1-0"]
[WhiteTitle "FM"]
[BlackTitle "FM"]
[WhiteElo "2152"]
[BlackElo "2350"]
[WhiteFideId "1208810"]
[BlackFideId "2922029"]
[EventDate "2022.12.12"]

1. d4 Nf6 2. c4 e6 3. Nf3 d5 4. g3 Be7 5. Bg2 O-O 6. O-O c6 7. Qc2 b6 8. Rd1 a5
9. Nc3 Ba6 10. Ne5 Nfd7 11. cxd5 cxd5 12. e4 Nxe5 13. exd5 Nd3 14. d6 Nb4 15.
dxe7 Qxe7 16. Qb3 Bb7 17. d5 Nd7 18. Be3 Rab8 19. dxe6 fxe6 20. Bxb7 Rxb7 21.
Ne4 Ne5 22. Bg5 Qe8 23. Nd6 Qg6 24. f4 Rc7 25. fxe5 Qxg5 26. Qxe6+ Kh8 27. Rf1
Qe3+ 28. Kh1 Rd8 29. Rae1 Qg5 30. Ne8 Qe7 31. Qxe7 1-0

[Event "9th Sunway Sitges 2022"]
[Site "Sitges ESP"]
[Date "2022.12.20"]
[Round "8.70"]
[White "Perkampus, Laurin"]
[Black "Van Dael, Siem"]
[Result "0-1"]
[BlackTitle "FM"]
[WhiteElo "2168"]
[BlackElo "2345"]
[WhiteFideId "16232283"]
[BlackFideId "1049771"]
[EventDate "2022.12.12"]

1. d4 Nf6 2. Bf4 b5 3. e3 Bb7 4. Nf3 a6 5. a4 b4 6. a5 e6 7. Nbd2 Be7 8. h3 Nd5
9. Bh2 f5 10. Bd3 O-O 11. O-O Nf6 12. c4 c5 13. Re1 Ne4 14. Qc2 Nxd2 15. Nxd2
cxd4 16. exd4 Nc6 17. Nb3 Bf6 18. d5 Nd4 19. Nxd4 Bxd4 20. Be5 Bc5 21. Kh1 Qg5
22. Re2 Rac8 23. Qd2 Qh5 24. Bc2 f4 25. f3 Be3 26. Rxe3 fxe3 27. Qxe3 exd5 28.
Re1 dxc4 29. Be4 d5 30. Bb1 d4 31. Qxd4 Rxf3 32. Be4 Rd3 33. Qa7 Rxh3+ 34. gxh3
Qxh3+ 35. Kg1 Qg4+ 36. Kh2 Qh4+ 37. Kg2 Bxe4+ 38. Kg1 Qg4+ 0-1

[Event "9th Sunway Sitges 2022"]
[Site "Sitges ESP"]
[Date "2022.12.20"]
[Round "8.71"]
[White "Vogt, Lothar"]
[Black "Cherniack, Alex"]
[Result "1/2-1/2"]
[WhiteTitle "GM"]
[WhiteElo "2339"]
[BlackElo "2188"]
[WhiteFideId "4611292"]
[BlackFideId "2007606"]
[EventDate "2022.12.12"]

1. e4 e5 2. Nf3 Nc6 3. Bb5 a6 4. Ba4 Nf6 5. O-O Be7 6. Re1 b5 7. Bb3 d6 8. c3
O-O 9. h3 Bb7 10. d4 Re8 11. Nbd2 Bf8 12. Bc2 h6 13. b3 Nb8 14. Bb2 Nbd7 15. d5
c6 16. c4 Qc7 17. Rc1 Rec8 18. Qe2 Qb6 19. Red1 a5 20. dxc6 Bxc6 21. cxb5 Bxb5
22. Bd3 Bxd3 23. Qxd3 Nc5 24. Qe3 Qb7 25. Rc4 a4 26. b4 Ncd7 27. Rdc1 Rxc4 28.
Rxc4 Nb6 29. Rc1 Nfd7 30. a3 Rc8 31. Rxc8 1/2-1/2

[Event "9th Sunway Sitges 2022"]
[Site "Sitges ESP"]
[Date "2022.12.20"]
[Round "8.72"]
[White "Hryzlova, Sofiia"]
[Black "Borocz, Istvan1"]
[Result "1/2-1/2"]
[WhiteTitle "WIM"]
[BlackTitle "IM"]
[WhiteElo "2157"]
[BlackElo "2334"]
[WhiteFideId "14174669"]
[BlackFideId "703036"]
[EventDate "2022.12.12"]

1. c4 g6 2. Nf3 Bg7 3. d4 Nf6 4. g3 O-O 5. b3 c5 6. Bb2 cxd4 7. Nxd4 d5 8. Bg2
dxc4 9. O-O Nc6 10. Nxc6 bxc6 11. Nd2 cxb3 12. Nxb3 Rb8 13. Bxc6 Qb6 14. Bg2 Rd8
15. Qc2 Bf5 16. Qc6 Qxc6 17. Bxc6 Be6 18. Be5 Rbc8 19. Rfc1 Ng4 20. Bxg7 Kxg7
21. Rc5 Rb8 22. Bf3 Nf6 23. e3 Nd7 24. Ra5 Bxb3 25. axb3 Rxb3 26. Rd1 Rb6 27.
Rxa7 Rd6 28. Rxd6 exd6 29. Bd5 g5 30. f4 g4 31. Kf2 h5 32. e4 Kg6 33. Ke3 Kf6
34. Kd4 Kg6 35. Bc4 Kf6 36. Rb7 Kg6 37. Ke3 Kf6 38. Rb5 Nc5 39. e5+ Ke7 40.
exd6+ Kxd6 41. Rb6+ Ke7 42. Rh6 Nd7 43. Rxh5 Nf6 44. Re5+ Kf8 45. Be2 Ra8 46.
Bc4 Ra1 47. Kf2 Rc1 48. Bd3 Rh1 49. Kg2 Rd1 50. Be2 Rd2 51. h3 gxh3+ 52. Kxh3
Rc2 53. g4 Nd7 54. Re3 Nf6 55. Bf3 Rd2 56. Kg3 Rd4 57. Re5 Ne8 58. f5 f6 59. Re6
Rd6 60. Re4 Rb6 61. Ra4 Rd6 62. Ra7 Rd4 63. Kf2 Nd6 64. Ra6 Ke7 65. Kg3 Nc4 66.
Re6+ Kf7 67. Be2 Nd2 68. Kf2 Rb4 69. Ke3 Nc4+ 70. Kf4 Ne5+ 71. Kg3 Rb3+ 72. Kf2
Nd3+ 73. Kf3 Nc5+ 74. Re3 Rxe3+ 75. Kxe3 Nd7 76. Ke4 Nf8 77. Bc4+ Kg7 78. Kd5
Nh7 79. Ke6 Ng5+ 80. Ke7 Ne4 81. Bd5 Ng5 82. Bg2 Nh7 83. Kd6 Ng5 1/2-1/2

[Event "9th Sunway Sitges 2022"]
[Site "Sitges ESP"]
[Date "2022.12.20"]
[Round "8.73"]
[White "Lim, Zhuo Ren"]
[Black "Van Kessel, Wessel"]
[Result "1-0"]
[WhiteTitle "FM"]
[WhiteElo "2305"]
[BlackElo "2145"]
[WhiteFideId "5702488"]
[BlackFideId "233404"]
[EventDate "2022.12.12"]

1. c4 Nf6 2. Nc3 c5 3. g3 e6 4. Nf3 b6 5. Bg2 Bb7 6. O-O Be7 7. d4 cxd4 8. Qxd4
O-O 9. Rd1 d6 10. Bg5 Ne8 11. Qh4 f6 12. Be3 Qc8 13. Rac1 Nc6 14. b3 Rf7 15. Qh3
Rb8 16. Nb5 a6 17. Nc3 Ba8 18. Na4 Bd8 19. Nd4 Nxd4 20. Bxd4 Bxg2 21. Qxg2 Qb7
22. Qxb7 Rfxb7 23. e4 b5 24. Nb2 Be7 25. Bc3 Kf7 26. Ba5 g6 27. b4 bxc4 28. Rxc4
Bd8 29. Bxd8 Rxd8 30. Nd3 Ke7 31. Rc6 a5 32. bxa5 Rb5 33. Ra6 Nc7 34. Ra7 Rd7
35. Rc1 Kd8 36. a4 Rb8 37. Nf4 Ne8 38. Nxe6+ Ke7 39. Rxd7+ Kxd7 40. Nf4 Nc7 41.
Kg2 Ra8 42. Kf3 Rxa5 43. Rc4 f5 44. exf5 Rxf5 45. h4 Ne6 46. Rb4 Nxf4 47. Rxf4
Ra5 48. Ke3 Ke6 49. Rb4 h5 50. Kd4 g5 51. hxg5 Rxg5 52. Kc3 Rf5 53. Rb2 Kd7 54.
Ra2 Kc7 55. Kd3 h4 56. gxh4 Rh5 57. Ke4 Rxh4+ 58. Kf5 Rh2 59. a5 Kc6 60. a6 Rh8
61. a7 Ra8 62. Ke6 d5 63. Rc2+ Kb6 64. Kxd5 Rxa7 65. f4 Rf7 66. Ke5 1-0

[Event "9th Sunway Sitges 2022"]
[Site "Sitges ESP"]
[Date "2022.12.20"]
[Round "8.74"]
[White "Rakhmangulova, Anastasiya"]
[Black "Ezquerro Luque, Albert"]
[Result "1-0"]
[WhiteTitle "WIM"]
[WhiteElo "2296"]
[BlackElo "2134"]
[WhiteFideId "14117479"]
[BlackFideId "2276682"]
[EventDate "2022.12.12"]

1. e4 e5 2. Nf3 Nc6 3. Bb5 a6 4. Bxc6 dxc6 5. O-O Bg4 6. h3 h5 7. d3 Qf6 8. Be3
Bxf3 9. Qxf3 Qxf3 10. gxf3 Bd6 11. Nd2 Ne7 12. Rfb1 O-O 13. b4 Ng6 14. a4 f5 15.
Kf1 fxe4 16. fxe4 Nf4 17. Bxf4 Rxf4 18. Kg2 Raf8 19. f3 g5 20. c3 Be7 21. Kf2
Kf7 22. Ke2 Ke6 23. Rg1 Rh4 24. Rg3 g4 25. fxg4 hxg4 26. Rxg4 Rxh3 27. Rg6+ Kd7
28. Rag1 c5 29. b5 axb5 30. axb5 Ra8 31. Nf3 Ra2+ 32. Ke3 c4 33. R1g3 Bc5+ 34.
d4 exd4+ 35. cxd4 Rxg3 36. Rxg3 Ra3+ 37. Ke2 Ra2+ 38. Ke3 Ra3+ 39. Ke2 Ra2+ 40.
Kd1 Bd6 41. Rg7+ Ke8 42. e5 Be7 43. e6 Bd6 44. Nh4 c3 45. Ng6 Rd2+ 46. Ke1 Bg3+
47. Kf1 Rf2+ 48. Kg1 Rf8 49. Re7+ Kd8 50. Rd7+ Kc8 51. Ne7+ Kb8 52. Nc6+ bxc6
53. e7 Bd6 54. Rd8+ Ka7 55. exf8=Q Bxf8 56. Rxf8 cxb5 57. Rf5 1-0

[Event "9th Sunway Sitges 2022"]
[Site "Sitges ESP"]
[Date "2022.12.20"]
[Round "8.75"]
[White "Yordanov, Lachezar"]
[Black "Arhan, Chethan Anand"]
[Result "1/2-1/2"]
[WhiteTitle "FM"]
[WhiteElo "2294"]
[BlackElo "2112"]
[WhiteFideId "2918927"]
[BlackFideId "45062510"]
[EventDate "2022.12.12"]

1. d4 d5 2. Nf3 Nf6 3. Bf4 c5 4. e3 Nc6 5. Nbd2 Qb6 6. dxc5 Qxb2 7. Rb1 Qc3 8.
Bb5 g6 9. e4 dxe4 10. Be5 Qa5 11. O-O exf3 12. Bxc6+ bxc6 13. Qxf3 Nd5 14. Bxh8
Qxd2 15. c4 f6 16. cxd5 Qxd5 17. Qxd5 cxd5 18. c6 Ba6 19. Rfc1 Rc8 20. Rc5 Rc7
21. h3 d4 22. Rb8+ Kf7 23. Rd8 e5 24. Rxf8+ Kxf8 25. Bxf6 d3 26. Bxe5 d2 27. Rd5
Rxc6 28. Rxd2 Ke8 29. a3 Bc8 30. Rd3 Be6 31. Kh2 Kf7 32. Rf3+ Ke7 33. Bc3 Bf7
34. Bb4+ Ke8 35. Kg3 g5 36. Rf5 h6 37. Ra5 a6 38. Rf5 Rb6 39. f3 Rc6 40. Kh2 Rb6
41. g4 Rb5 42. Bc5 Bc4 43. Kg3 Kd7 44. Re5 Kc6 45. Bd4 Rxe5 46. Bxe5 Kd5 47. Bg7
Ke6 48. Bxh6 Kf6 49. f4 gxf4+ 50. Kxf4 Kg6 51. Bf8 a5 52. h4 a4 53. Bb4 Be6 54.
h5+ Kh7 55. Be1 Bd7 56. Bh4 Be6 57. Bf6 Bd7 58. Bc3 Bc6 59. Kg5 Bd7 60. Bd4 Be6
61. Bf2 Bd7 62. Bh4 Be6 63. Kf4 Bd7 64. g5 Be8 65. g6+ Bxg6 66. hxg6+ Kxg6 67.
Ke5 Kf7 68. Kd6 Ke8 69. Kc6 Kf7 70. Kd7 Kf8 71. Bg5 Kf7 72. Be7 Kg8 73. Ke6 Kg7
74. Bd6 Kg8 75. Kf6 Kh7 76. Kf7 Kh8 77. Be5+ Kh7 78. Bf4 Kh8 79. Bg5 Kh7 80. Bh4
Kh8 81. Bf6+ Kh7 82. Kf8 Kg6 83. Ke7 Kh7 84. Kf7 Kh6 85. Kg8 Kg6 86. Bg7 Kf5 87.
Kf7 Kg5 88. Bc3 Kh6 89. Ke6 Kg6 90. Bf6 Kh7 91. Bh4 Kg8 92. Kd6 Kf7 93. Kd7 Kf8
94. Kc6 Ke8 95. Bf6 Kf7 96. Bg5 Ke8 97. Bh4 Kf7 98. Kb5 Ke8 99. Kxa4 Kd7 100.
Kb5 Kc7 101. Ka6 Kb8 102. Bf2 Ka8 103. a4 Kb8 104. Ba7+ Ka8 105. a5 1/2-1/2

[Event "9th Sunway Sitges 2022"]
[Site "Sitges ESP"]
[Date "2022.12.20"]
[Round "8.76"]
[White "Jeet, Jain"]
[Black "Milat, Marcel"]
[Result "1/2-1/2"]
[WhiteTitle "FM"]
[BlackTitle "FM"]
[WhiteElo "2141"]
[BlackElo "2290"]
[WhiteFideId "5073022"]
[BlackFideId "2602105"]
[EventDate "2022.12.12"]

1. e4 c6 2. d3 d5 3. Nd2 e5 4. Ngf3 Bd6 5. c3 Nf6 6. Be2 O-O 7. O-O Re8 8. Re1
c5 9. a3 a5 10. a4 Nc6 11. Bf1 b6 12. Qb3 Bc7 13. g3 Ba6 14. Nh4 Qd7 15. Nf5 c4
16. dxc4 dxe4 17. Bh3 Kh8 18. g4 h5 19. g5 Nh7 20. Nxe4 g6 21. Qc2 Bxc4 22. Nfd6
Qxh3 23. Nxc4 Qg4+ 24. Kh1 Qf3+ 25. Kg1 Qg4+ 26. Kh1 Qf3+ 27. Kg1 Qg4+ 1/2-1/2

[Event "9th Sunway Sitges 2022"]
[Site "Sitges ESP"]
[Date "2022.12.20"]
[Round "8.77"]
[White "Shaik, Sumer Arsh"]
[Black "Devnani, Kush"]
[Result "1-0"]
[WhiteTitle "CM"]
[WhiteElo "2290"]
[BlackElo "2134"]
[WhiteFideId "45020000"]
[BlackFideId "45093806"]
[EventDate "2022.12.12"]

1. d4 d5 2. c4 c6 3. Nc3 Nf6 4. cxd5 cxd5 5. Bf4 Nc6 6. e3 a6 7. Be2 Bf5 8. Nf3
Nh5 9. Be5 e6 10. O-O Be7 11. Rc1 O-O 12. Bd3 Bxd3 13. Qxd3 f6 14. Bg3 Nxg3 15.
hxg3 f5 16. Na4 Bd6 17. Nc5 Qe7 18. Qb3 Rab8 19. Qa4 Rfc8 20. a3 Na7 21. b4 Rc7
22. Qb3 Rbc8 23. Rcd1 a5 24. Ne5 Bxe5 25. dxe5 axb4 26. axb4 Rc6 27. Qa4 b6 28.
Nb3 Rc4 29. Ra1 Nc6 30. Qa6 Nxe5 31. Nd4 Qd7 32. Qxb6 Nc6 33. b5 Nxd4 34. exd4
R4c7 35. Rfe1 Kf7 36. Qa6 Rb8 37. Re3 Rcb7 38. Rae1 Rb6 39. Qa2 Qxb5 40. Qa7+
R6b7 41. Qa3 Re7 42. Re5 Qb4 43. Qe3 Rb6 44. Rc1 Qd6 45. g4 Rb8 46. gxf5 exf5
47. Qg3 Rd7 48. Rce1 Kg8 49. Qf3 Rf8 50. Rxf5 Rxf5 51. Qxf5 Rd8 52. Re6 Qc7 53.
Qg5 h6 54. Rxh6 Qa5 55. Rg6 Rd7 56. Qe5 Qb5 57. Qe6+ Rf7 58. Rg3 Qb1+ 59. Kh2
Qh7+ 60. Rh3 Qf5 61. Qxf5 Rxf5 62. Kg3 Kf7 63. Rh4 Ke6 64. Rf4 Rh5 65. Kg4 Rh1
66. Kg5 Rb1 67. Kg6 Rb7 68. Rf8 Ra7 69. g4 Ra4 70. Rf4 Ra7 71. g5 Rb7 72. Kh7
Ra7 73. g6 Rb7 74. Kg8 Ra7 75. Kf8 Rb7 76. f3 Ra7 77. Rf7 Ra4 78. Kxg7 Rxd4 79.
f4 Ra4 80. f5+ Kd6 81. f6 d4 82. Rf8 Ra7+ 83. f7 Rd7 84. Re8 d3 85. Re3 1-0

[Event "9th Sunway Sitges 2022"]
[Site "Sitges ESP"]
[Date "2022.12.20"]
[Round "8.78"]
[White "Enkhtuul, Altan-Ulzii"]
[Black "Yash, Jyoti Bir"]
[Result "1-0"]
[WhiteTitle "WGM"]
[BlackTitle "WFM"]
[WhiteElo "2285"]
[BlackElo "2099"]
[WhiteFideId "4901444"]
[BlackFideId "35027263"]
[EventDate "2022.12.12"]

1. d4 d5 2. c4 e6 3. g3 Nf6 4. Bg2 Bb4+ 5. Bd2 Be7 6. Nf3 O-O 7. Qc2 b6 8. O-O
Bb7 9. Rd1 Nbd7 10. Be1 Rc8 11. Nc3 c5 12. cxd5 Nxd5 13. Nxd5 Bxd5 14. e4 cxd4
15. Qb1 Bc4 16. Nxd4 Qc7 17. Qc2 Qb7 18. Qd2 e5 19. Nf5 Nc5 20. Qe3 Ne6 21.
Nxe7+ Qxe7 22. Bc3 Nc5 23. f4 f6 24. b3 exf4 25. gxf4 Bf7 26. Rac1 Ne6 27. Kh1
Rfd8 28. Rxd8+ Rxd8 29. e5 Nc7 30. Qg3 Nd5 31. exf6 Nxf6 32. Re1 Qd6 33. Be5 Nh5
34. Qh4 Qd7 35. Bf3 Nf6 36. Bxf6 gxf6 37. Qxf6 Qd6 38. Rg1+ Kf8 39. Qg7+ Ke8 40.
Re1+ 1-0

[Event "9th Sunway Sitges 2022"]
[Site "Sitges ESP"]
[Date "2022.12.20"]
[Round "8.79"]
[White "Schulze, Lara"]
[Black "Nikolov, Yavor"]
[Result "1-0"]
[WhiteTitle "FM"]
[WhiteElo "2284"]
[BlackElo "2092"]
[WhiteFideId "12956830"]
[BlackFideId "2926644"]
[EventDate "2022.12.12"]

1. e4 c5 2. Nf3 g6 3. c3 Bg7 4. d4 cxd4 5. cxd4 d5 6. e5 Bg4 7. Bb5+ Nc6 8.
Bxc6+ bxc6 9. Nbd2 e6 10. O-O Ne7 11. h3 Bxf3 12. Nxf3 O-O 13. Bg5 h6 14. Bd2
Qb6 15. b4 Nf5 16. Bc3 Rfc8 17. g4 Ne7 18. Ne1 Bf8 19. Nd3 Qd8 20. Nc5 Rcb8 21.
f4 Nc8 22. f5 Bxc5 23. bxc5 Qg5 24. Kh2 exf5 25. e6 Ne7 26. Qe2 Re8 27. Rae1 Qf6
28. Bd2 Rab8 29. Bf4 Rbc8 30. exf7+ Kxf7 31. Be5 Qe6 32. Qd2 g5 33. Qc2 Kg8 34.
gxf5 Qf7 35. Rb1 Rcd8 36. Rb7 Qh7 37. Qg2 1-0

[Event "9th Sunway Sitges 2022"]
[Site "Sitges ESP"]
[Date "2022.12.20"]
[Round "8.80"]
[White "Mamedov, Edgar"]
[Black "Sarveshwaran V"]
[Result "1-0"]
[WhiteTitle "FM"]
[WhiteElo "2283"]
[BlackElo "2040"]
[WhiteFideId "13739980"]
[BlackFideId "25699016"]
[EventDate "2022.12.12"]

1. d4 d5 2. c4 e6 3. Nf3 Nf6 4. Nc3 c6 5. e3 Nbd7 6. Qc2 Bd6 7. Bd3 O-O 8. O-O
dxc4 9. Bxc4 e5 10. Rd1 Qe7 11. e4 exd4 12. Nxd4 Ne5 13. Be2 Rd8 14. Bg5 h6 15.
Bh4 Ng6 16. Bg3 Bb4 17. Nf5 Bxf5 18. exf5 Ne5 19. Ne4 Nd5 20. a3 Bd6 21. Nxd6
Qxd6 22. Qb3 Rab8 23. Bf3 Nxf3+ 24. Qxf3 Qf6 25. Bxb8 Rxb8 26. b4 a6 27. Re1 Qc3
28. Qxc3 Nxc3 29. Rac1 Nb5 30. a4 Nd6 31. g4 Ne8 32. f3 Nc7 33. Red1 Nd5 34. b5
axb5 35. axb5 Ne7 36. b6 Nd5 37. Rxd5 cxd5 38. Rc7 Rd8 39. Kf2 d4 40. Rxb7 Rd5
41. Rc7 Rb5 42. b7 Rb2+ 43. Ke1 Kh7 44. Rxf7 h5 45. g5 d3 46. f6 Kg6 47. Rxg7+
Kf5 48. f7 Kf4 49. f8=Q+ Ke3 50. Re7+ Kd4 51. Qf6+ Kc4 52. Rc7+ Kd5 53. Qf5+ Kd6
54. Rd7+ Kc6 55. Qd5+ Kb6 56. b8=Q+ Ka6 57. Ra7# 1-0

[Event "9th Sunway Sitges 2022"]
[Site "Sitges ESP"]
[Date "2022.12.20"]
[Round "8.81"]
[White "Md Imran"]
[Black "Pousada Garcia, Daniel"]
[Result "1-0"]
[WhiteTitle "CM"]
[WhiteElo "2279"]
[BlackElo "1960"]
[WhiteFideId "25748580"]
[BlackFideId "2278642"]
[EventDate "2022.12.12"]

1. d4 Nf6 2. Nf3 e6 3. g3 d5 4. Bg2 Be7 5. O-O O-O 6. c4 dxc4 7. Qc2 a6 8. a4
Bd7 9. Qxc4 Bc6 10. Bf4 Nd5 11. Nc3 Nxf4 12. gxf4 Nd7 13. e4 Nf6 14. Ne5 Rb8 15.
Rfd1 Be8 16. a5 b5 17. axb6 Rxb6 18. Qe2 Qb8 19. Rd2 Bb4 20. Rxa6 Bb5 21. Rxb6
Qxb6 22. Qe3 Ra8 23. Rd1 Bxc3 24. bxc3 Ra2 25. d5 Qa6 26. c4 Bxc4 27. dxe6 Ra1
28. Qd4 Rxd1+ 29. Qxd1 Ne8 30. Bf1 Qd6 31. Qxd6 cxd6 32. Bxc4 fxe6 33. Bxe6+ Kf8
34. Nc6 Nc7 35. f5 g6 36. Nd4 Ke7 37. fxg6 hxg6 38. Bb3 Kf6 39. f4 Na6 40. Kf2
Nc5 41. Bd5 Nd3+ 42. Ke3 Ne1 43. Bc4 Ng2+ 44. Kf3 Nh4+ 45. Kg4 Ng2 46. Nc2 1-0

[Event "9th Sunway Sitges 2022"]
[Site "Sitges ESP"]
[Date "2022.12.20"]
[Round "8.82"]
[White "Kocak, Ediz"]
[Black "Benmesbah, Natacha"]
[Result "0-1"]
[BlackTitle "WIM"]
[WhiteElo "2115"]
[BlackElo "2268"]
[WhiteFideId "16219481"]
[BlackFideId "642002"]
[EventDate "2022.12.12"]

1. d4 d6 2. e4 Nf6 3. Nc3 e5 4. dxe5 dxe5 5. Qxd8+ Kxd8 6. Bc4 Ke8 7. f4 Bd6 8.
Nf3 Nbd7 9. Bd2 a6 10. O-O-O h6 11. a4 Ng4 12. Rde1 exf4 13. e5 Ngxe5 14. Bxf4
f6 15. Be6 Nxf3 0-1

[Event "9th Sunway Sitges 2022"]
[Site "Sitges ESP"]
[Date "2022.12.20"]
[Round "8.83"]
[White "Rodriguez Diaz, Javier"]
[Black "Newrkla, Katharina"]
[Result "1/2-1/2"]
[BlackTitle "WIM"]
[WhiteElo "2084"]
[BlackElo "2265"]
[WhiteFideId "32044186"]
[BlackFideId "1621629"]
[EventDate "2022.12.12"]

1. e4 c5 2. Nf3 d6 3. Bb5+ Nd7 4. Be2 Ngf6 5. Nc3 a6 6. a4 g6 7. d4 cxd4 8. Nxd4
b6 9. O-O Bb7 10. f3 Bg7 11. Be3 O-O 12. Qe1 Qc7 13. Qf2 Rfd8 14. Rfd1 e6 15.
Rd2 Rac8 16. a5 bxa5 17. Nb3 d5 18. exd5 Nxd5 19. Nxd5 Bxd5 20. Nd4 Rb8 21. c3
Nc5 22. Rad1 Rdc8 23. Qh4 a4 24. Bf1 h5 25. Ne2 Bb3 26. Rc1 e5 27. Ng3 Rd8 28.
Rxd8+ Rxd8 29. Ne4 Nxe4 30. Qxe4 Rd6 31. f4 exf4 32. Bxf4 Qc5+ 33. Be3 Qc6 34.
Qb4 Re6 35. Bf2 Be5 36. Qh4 Qd6 37. Re1 Bf6 38. Rxe6 Qxe6 39. Qf4 Be5 40. Qd2
Qf6 41. Qe1 a5 42. Qd2 a3 43. bxa3 Bxc3 44. Qd7 Kg7 45. Bc5 Be6 46. Qa4 Qe5 47.
Bf2 Bd5 48. Qd1 Qe4 49. h3 Be5 50. Bb6 a4 51. Qd2 Bc6 52. Be3 Qd5 53. Qc1 Bd4
54. Bxd4+ Qxd4+ 55. Kh1 Bd5 56. Qe1 Kh7 57. Qc1 Qe5 58. Kg1 Qd4+ 59. Kh2 Qf2 60.
Kh1 Qf5 61. Kg1 h4 62. Qe1 Qf4 63. Qd1 Be4 64. Qxa4 Qe3+ 65. Kh2 Qg3+ 66. Kg1
Qe3+ 67. Kh2 Qe1 68. Qc4 Qg3+ 69. Kg1 Qe3+ 70. Kh2 Qg3+ 1/2-1/2

[Event "9th Sunway Sitges 2022"]
[Site "Sitges ESP"]
[Date "2022.12.20"]
[Round "8.84"]
[White "Kostov, Deyan Samuil"]
[Black "Uber Gracia, Hugo"]
[Result "1/2-1/2"]
[WhiteTitle "FM"]
[WhiteElo "2260"]
[BlackElo "1931"]
[WhiteFideId "30909015"]
[BlackFideId "54720079"]
[EventDate "2022.12.12"]

1. d4 d5 2. c4 c6 3. Nf3 Nf6 4. e3 a6 5. b3 Bf5 6. Nbd2 h6 7. Be2 e6 8. Bb2 Be7
9. O-O O-O 10. c5 Nbd7 11. b4 Ne4 12. a4 Bf6 13. Nxe4 Bxe4 14. Nd2 Bg6 15. f4
Re8 16. Nb3 b6 17. cxb6 Qxb6 18. Bc3 Be7 19. Nc5 Nxc5 20. bxc5 Qb7 21. Ba5 Bd8
22. Bxd8 Rexd8 23. a5 Rdb8 24. Re1 Qb4 25. Bf1 Be4 26. Qg4 Qc3 27. Qd1 Rb2 28.
Qc1 Rc2 29. Qa3 Qxa3 30. Rxa3 Rb8 31. Raa1 Rbb2 32. Reb1 Rxg2+ 33. Bxg2 Bxb1 34.
Bf1 Be4 35. Bxa6 Rg2+ 36. Kf1 Rxh2 37. Ra3 g5 38. fxg5 hxg5 39. Be2 Rh1+ 40. Kf2
Rb1 41. a6 Rb8 42. Ra5 Kf8 43. Bd1 Bd3 44. a7 Ra8 45. Ba4 Bb5 46. Bxb5 cxb5 47.
c6 Ke7 48. Rxb5 Kd6 49. Rb7 Kxc6 50. Rxf7 Kb6 51. Re7 Rxa7 52. Rxe6+ Kb5 53. Re5
Rf7+ 54. Ke2 Kc6 55. Rxg5 Rf6 56. Kd3 Kd6 57. Rg8 Kd7 58. Rg7+ Kc6 59. Ra7 Rf1
60. Ra6+ Kd7 61. Ke2 Rf8 62. Rh6 Rf5 63. Rh4 Rf6 64. Rf4 Rh6 65. Rf5 Kd6 66. Kf3
Rh3+ 67. Kf4 Rh4+ 68. Kg5 Re4 69. Rf6+ Kd7 70. Rf3 Ke6 71. Rh3 Kd6 72. Kf5 Kc6
73. Kf6 Kd6 74. Kf7 Re7+ 75. Kf8 Re4 76. Rg3 Kd7 77. Kf7 Kd6 78. Kf6 Kc6 79. Kf5
Kd6 80. Rh3 Kc6 81. Kg5 Kd6 82. Rf3 Kd7 83. Kf5 Kd6 84. Kf6 Kc6 85. Kg5 Kd7 86.
Kg6 Kd6 87. Kf6 Kc6 1/2-1/2

[Event "9th Sunway Sitges 2022"]
[Site "Sitges ESP"]
[Date "2022.12.20"]
[Round "8.85"]
[White "Korkmaz, Necmettin"]
[Black "Gaboyan, Susanna"]
[Result "1-0"]
[WhiteTitle "CM"]
[BlackTitle "WIM"]
[WhiteElo "2077"]
[BlackElo "2200"]
[WhiteFideId "6303285"]
[BlackFideId "13303627"]
[EventDate "2022.12.12"]

1. d4 Nf6 2. c4 c5 3. d5 b5 4. cxb5 a6 5. f3 axb5 6. e4 Qb6 7. e5 Ng8 8. Nc3 Ba6
9. Be3 d6 10. b4 g6 11. a4 Bg7 12. f4 dxe5 13. Bxc5 Qf6 14. Nf3 Qxf4 15. axb5 e4
16. Qd2 Qg4 17. Nd4 Bb7 18. Rxa8 Bxa8 19. Qa2 Bb7 20. Qa7 Qc8 21. b6 Nf6 22.
Bb5+ Nfd7 23. O-O O-O 24. Nc6 Nxc6 25. dxc6 Bxc6 26. Nd5 Re8 27. Ba6 Qd8 28.
Nxe7+ Rxe7 29. Bxe7 Bd4+ 30. Kh1 Qxe7 31. Bc4 Qxb4 32. Bxf7+ Kg7 33. Be6 Bxb6
34. Qa1+ Bd4 35. Qc1 Qd6 36. Rf7+ Kg8 37. Rxd7+ Qxe6 38. Rxd4 Kg7 39. Qc5 Qf6
40. Rd6 Qf1+ 41. Qg1 Qc4 42. Qa7+ Kh6 43. Qe3+ Kg7 44. h4 h5 45. Qa7+ Kh6 46.
Qa1 Kh7 47. Rd8 g5 48. Qh8+ Kg6 49. Rd6+ 1-0

[Event "9th Sunway Sitges 2022"]
[Site "Sitges ESP"]
[Date "2022.12.20"]
[Round "8.86"]
[White "Pipiras, Filipa Fortuna"]
[Black "Ojas, Kulkarni"]
[Result "0-1"]
[WhiteTitle "WFM"]
[WhiteElo "2065"]
[BlackElo "2196"]
[WhiteFideId "1944894"]
[BlackFideId "25040073"]
[EventDate "2022.12.12"]

1. d4 Nf6 2. c4 e6 3. Nc3 Bb4 4. Qc2 b6 5. e4 c5 6. d5 Qe7 7. Ne2 exd5 8. exd5
O-O 9. Bd2 d6 10. f3 Nbd7 11. O-O-O a6 12. a3 Ba5 13. Ng3 Ne5 14. f4 Neg4 15.
Re1 Qd8 16. h3 Nh6 17. Bd3 b5 18. cxb5 Bxc3 19. Bxc3 axb5 20. Bxb5 Bb7 21. Bd3
Bxd5 22. Rd1 Kh8 23. Bxh7 Ba2 24. Be4 Rb8 25. Qf2 Re8 26. Bf3 d5 27. Qxc5 Rc8
28. Qf2 Qa5 29. Qc2 Qb6 30. b4 Re3 31. Ne2 Bc4 32. Nd4 Bb3 33. Qxb3 Rexc3+ 34.
Kb2 Rxb3+ 35. Nxb3 Nf5 36. Rhe1 Ne3 37. Rd3 Nc4+ 38. Ka2 Ra8 39. Kb1 Nxa3+ 40.
Kb2 Qxb4 41. Re2 Nc4+ 42. Kb1 Ra3 43. Kc2 Ra2+ 44. Kb1 Rxe2 45. Bxe2 Qe1+ 46.
Nc1 Ne4 47. Kc2 Qb4 48. Nb3 Nc5 49. Rc3 Nxb3 50. Rxb3 Qd2+ 51. Kb1 Qe1+ 52. Ka2
Qxe2+ 53. Ka1 Qd1+ 54. Ka2 Qc2+ 0-1

[Event "9th Sunway Sitges 2022"]
[Site "Sitges ESP"]
[Date "2022.12.20"]
[Round "8.87"]
[White "Reprintsev, Alexander"]
[Black "Villa Tornero, Alex"]
[Result "0-1"]
[WhiteTitle "IM"]
[WhiteElo "2330"]
[BlackElo "1925"]
[WhiteFideId "14100541"]
[BlackFideId "54501091"]
[EventDate "2022.12.12"]

1. e4 c5 2. b3 g6 3. Bb2 Nf6 4. e5 Nd5 5. Nc3 Nxc3 6. Bxc3 Nc6 7. h4 Bg7 8. e6
O-O 9. exf7+ Rxf7 10. h5 d5 11. hxg6 hxg6 12. Bd3 Qd6 13. Bxg7 Kxg7 14. Qe2 Rf6
15. O-O-O c4 16. Bxg6 Rxg6 17. Re1 cxb3 18. axb3 Bf5 19. Qe3 d4 20. Qf3 Qa3+ 21.
Kb1 Bxc2+ 22. Kxc2 Nb4+ 23. Kd1 Qa1+ 24. Ke2 Re6+ 25. Qe3 Qxe1+ 26. Kxe1 dxe3 0-1